书目信息 |
| 题名: |
电路与信号分析实验指导书
|
|
| 作者: | 林凌 , 李刚 主编 | |
| 分册: | ||
| 出版信息: | 北京 电子工业出版社 2017 |
|
| 页数: | XIII, 313页 | |
| 开本: | 26cm | |
| 丛书名: | ||
| 单 册: | ||
| 中图分类: | TM133 , TN911.6 | |
| 科图分类: | ||
| 主题词: | 电路分析--dian lu fen xi--高等学校--教材 , 信号分析--xin hao fen xi--高等学校--教材 | |
| 电子资源: | ||
| ISBN: | 978-7-121-32675-2 | |
| 000 | 01486nam0 2200301 450 | |
| 001 | 012001003897 | |
| 005 | 20131106111950.0 | |
| 010 | @a978-7-121-32675-2@dCNY49.80 | |
| 099 | @aCAL 012017172715 | |
| 100 | @a20171206d2017 em y0chiy50 ea | |
| 101 | 0 | @achi |
| 102 | @aCN@b110000 | |
| 105 | @aak z 000yy | |
| 106 | @ar | |
| 200 | 1 | @a电路与信号分析实验指导书@Adian lu yu xin hao fen xi shi yan zhi dao shu@e基于Multisim、Tina-TI和MATLAB@f林凌, 李刚主编 |
| 210 | @a北京@c电子工业出版社@d2017 | |
| 215 | @aXIII, 313页@c图@d26cm | |
| 300 | @a创新型人才培养“十三五”规划教材 | |
| 330 | @a本书《电路与信号分析实验指导书》是为《电路原理》、《信号与系统》或《电路、信号与系统》等课程配套的实验指导书,本书突出而鲜明的特色不仅在于通过实验深化对相关知识点的理解,更重要的是通过实验给学习者提供详实的感性认识,诱发学习兴趣,触发探索的愿望,站得更高、看得更广地去融会贯通各种概念与规律、理论与实践。因而本书在实验内容上基本覆盖《电路原理》与《信号与系统》课程的教学内容,在实验手段上,提供实际电路与仪器、电路与信号分析的仿真软件Multisim和Tina – TI,以及目前最通用和最流行的MATLAB软件的实验。 | |
| 517 | 1 | @a基于Multisim、Tina-TI和MATLAB@Aji yu Multisim、Tina-TI he MATLAB |
| 606 | 0 | @a电路分析@Adian lu fen xi@x高等学校@j教材 |
| 606 | 0 | @a信号分析@Axin hao fen xi@x高等学校@j教材 |
| 690 | @aTM133@v5 | |
| 690 | @aTN911.6@v5 | |
| 701 | 0 | @a林凌@Alin ling@4主编 |
| 701 | 0 | @a李刚@Ali gang@4主编 |
| 801 | 2 | @aCN@b上海新华@c20191020 |
| 905 | @b1207048-50@dTM133@e177@f3 | |
| 电路与信号分析实验指导书:基于Multisim、Tina-TI和MATLAB/林凌, 李刚主编.-北京:电子工业出版社,2017 |
| XIII, 313页:图;26cm |
| 创新型人才培养“十三五”规划教材 |
| ISBN 978-7-121-32675-2:CNY49.80 |
| 本书《电路与信号分析实验指导书》是为《电路原理》、《信号与系统》或《电路、信号与系统》等课程配套的实验指导书,本书突出而鲜明的特色不仅在于通过实验深化对相关知识点的理解,更重要的是通过实验给学习者提供详实的感性认识,诱发学习兴趣,触发探索的愿望,站得更高、看得更广地去融会贯通各种概念与规律、理论与实践。因而本书在实验内容上基本覆盖《电路原理》与《信号与系统》课程的教学内容,在实验手段上,提供实际电路与仪器、电路与信号分析的仿真软件Multisim和Tina – TI,以及目前最通用和最流行的MATLAB软件的实验。 |
| ● |
| 相关链接 |
|
|
|
|
正题名:电路与信号分析实验指导书
索取号:TM133/177
 
预约/预借
| 序号 | 登录号 | 条形码 | 馆藏地/架位号 | 状态 | 备注 |
| 1 | 1207048 | 212070480 | 第二样本阅览室/ [索取号:TM133/177] | 在馆 | |
| 2 | 1207049 | 212070499 | 第三借阅区/ [索取号:TM133/177] | 在馆 | |
| 3 | 1207050 | 212070505 | 第三借阅区/ [索取号:TM133/177] | 在馆 |